00976nam a22002297a 450000500170000000700150001700800410003202000180007303500100009104000090010110000270011024500840013725000240022125600240024526000270026930000280029650602700032465000480059465000250064274000380066785600410070520240305165627.0cr|||| |||| 220216s2014 co |||||s|||| 00||0 spa d a9789587714173 a35848 avLex1 aPeña Nossa, Lisandro15aDe las sociedades comercialesh[Recurso electrónico] /cLisandro Peña Nossa aSéptima edición aServicio en línea aBogotá:bECOE,c2014 a1 recurso electrónico1 aDisponible solo en los productos indicadosdvLex GlobaldvLex Global (Academic Edition, excluding Law Schools)dvLex Global (U.S. Academic Edition, Law Schools)dvLex Global (U.S. Academic Edition, excluding Law Schools)dvLex Global (Academic Edition, Law Schools)04aDerecho Mercantil y de la EmpresazColombia04aSociedadeszColombia0 avLex Libros (Servicio en línea)40uhttps://app.vlex.com/#/sources/35848